Господина Макера Начальныя основания умозрительной химии, // Ч.1 (Запись № 9674086)

Подробности
000 -МАРКЕР
контрольное поле 03860nam1a22007211 4500
001 - ИДЕНТИФИКАТОР ЗАПИСИ
контрольное поле RU\NLR\A1\11086
005 - ИДЕНТИФИКАТОР ВЕРСИИ
контрольное поле 20260529143409.0
035 ## - ДРУГИЕ СИСТЕМНЫЕ НОМЕРА
Идентификатор записи (NLR Aleph) 009673873
100 ## - ДАННЫЕ ОБЩЕЙ ОБРАБОТКИ
Данные общей обработки 19971023g17741775k y0rusy50 ca
101 1# - ЯЗЫК РЕСУРСА
Язык текста, звукозаписи и т.д. русский
Язык оригинала французский
102 ## - СТРАНА ПУБЛИКАЦИИ ИЛИ ПРОИЗВОДСТВА
Страна публикации Российская Федерация
140 ## - ПОЛЕ КОДИРОВАННЫХ ДАННЫХ: СТАРОПЕЧАТНЫЕ ИЗДАНИЯ - ОБЩАЯ ИНФОРМАЦИЯ
Кодированные данные о старопечатном издании - Основные y y ba yaa0100
200 1# - ЗАГЛАВИЕ И СВЕДЕНИЯ ОБ ОТВЕТСТВЕННОСТИ
Основное заглавие Господина Макера Начальныя основания умозрительной химии,
Сведения, относящиеся к заглавию составляющей часть первую.
Первые сведения об ответственности Перевел с французскаго языка Косма Флоринский.
210 ## - ПУБЛИКАЦИЯ, РАСПРОСТРАНЕНИЕ И ДР.
Место издания, распространения и т.д. В Санктпетербурге
Имя издателя, распространителя и т. д. при Императорской Акади[!]мии наук
Дата издания, распространения и т.д. 1774-1775
215 ## - ФИЗИЧЕСКАЯ ХАРАКТЕРИСТИКА
Размеры
300 ## - ОБЩИЕ ПРИМЕЧАНИЯ
Текст примечания Загл. ч.2: "Господина Макера Начальныя основания деятельной химии составляющей часть вторую. Перевел с французскаго языка студент Косма Флоринский".
300 ## - ОБЩИЕ ПРИМЕЧАНИЯ
Текст примечания Тираж 600 экз.
300 ## - ОБЩИЕ ПРИМЕЧАНИЯ
Текст примечания Изд. Собр., старающегося о пер. иностр. кн.
300 ## - ОБЩИЕ ПРИМЕЧАНИЯ
Текст примечания На одной из табл. подпись: Вырез. А. Медведев
300 ## - ОБЩИЕ ПРИМЕЧАНИЯ
Текст примечания Цена на тит. л.: 80 коп. (ч.1), 1 руб. (ч.1).
316 ## - ПРИМЕЧАНИЯ ОБ ОСОБЕННОСТЯХ ЭКЗЕМПЛЯРА
Текст примечания Экз. ЗНБ РГУ деф.: отсутствуют ил.
Организация и экземпляр, к которому относится поле ЗНБ РГУ
317 ## - ПРИМЕЧАНИЯ О ПРОИСХОЖДЕНИИ ЭКЗЕМПЛЯРА
Текст примечания 1-й экз. СПбГУ с владельч. пометой: "С.П.Г.Н.У." (СПб. Главное народное училище) (наклейка на корешке пер-та)
Организация и экземпляр, к которому относится поле СПбГУ
321 ## - ПРИМЕЧАНИЯ ОБ ОТДЕЛЬНО ИЗДАННЫХ УКАЗАТЕЛЯХ / РЕФЕРАТАХ / ССЫЛКАХ, ОТРАЖАЮЩИХ КАТАЛОГИЗИРУЕМЫЙ ДОКУМЕНТ
Примечания об указателях, рефератах, ссылках СК XVIII 4000
327 0# - ПРИМЕЧАНИЯ О СОДЕРЖАНИИ
Текст примечания В конце каждой части предмет. указ.: Химический словарь
463 #0 - УРОВЕНЬ ФИЗИЧЕСКОЙ ЕДИНИЦЫ
Встроенное поле 001RU\NLR\A1\11087
Системный номер (АБИС) связанной записи 13474344
Дата публикации 1774
Физическая характеристика [18], 428, [16] c.; 4 л. ил., табл.
Заглавие Ч.1
463 #0 - УРОВЕНЬ ФИЗИЧЕСКОЙ ЕДИНИЦЫ
Встроенное поле 001RU\NLR\A1\11088
Системный номер (АБИС) связанной записи 13474345
Дата публикации 1775
Физическая характеристика [30], 624, [16] c.
Заглавие Ч.2
517 1# - ДРУГИЕ ВАРИАНТЫ ЗАГЛАВИЯ
Вариант заглавия Начальныя основания умозрительной химии
517 1# - ДРУГИЕ ВАРИАНТЫ ЗАГЛАВИЯ
Вариант заглавия Начальныя основания деятельной химии
518 1# - ЗАГЛАВИЕ В СТАНДАРТНОМ СОВРЕМЕННОМ ПРАВОПИСАНИИ
Основное заглавие, вариант заглавия или унифицированное заглавие Начальные основания умозрительной химии
518 1# - ЗАГЛАВИЕ В СТАНДАРТНОМ СОВРЕМЕННОМ ПРАВОПИСАНИИ
Основное заглавие, вариант заглавия или унифицированное заглавие Начальные основания деятельной химии
620 ## - МЕСТО И ДАТА ПУБЛИКАЦИИ, ИСПОЛНЕНИЯ И Т. Д.
Город Санкт-Петербург
700 #1 - ИМЯ ЛИЦА - ПЕРВИЧНАЯ ОТВЕТСТВЕННОСТЬ
Графика поля Кириллица
Материалы, к которым относится поле rus
Начальный элемент ввода Макер
Часть имени, кроме начального элемента ввода П. Ж.
Даты 1718-1784
Расширение инициалов личного имени Пьер Жозеф
Системный номер авторитетной/нормативной записи 242621
Идентификатор авторитетной/нормативной записи RU\NLR\AUTH\770242677
702 #1 - ИМЯ ЛИЦА - ВТОРИЧНАЯ ОТВЕТСТВЕННОСТЬ
Код отношения Переводчик
Графика поля Кириллица
Материалы, к которым относится поле rus
Начальный элемент ввода Флоринский
Часть имени, кроме начального элемента ввода К.
Даты 18 в.
Расширение инициалов личного имени Козьма
Системный номер авторитетной/нормативной записи 243017
Идентификатор авторитетной/нормативной записи RU\NLR\AUTH\770243073
702 #1 - ИМЯ ЛИЦА - ВТОРИЧНАЯ ОТВЕТСТВЕННОСТЬ
Начальный элемент ввода Медведев
Часть имени, кроме начального элемента ввода А.
Код отношения Гравер
712 02 - НАИМЕНОВАНИЕ ОРГАНИЗАЦИИ - ВТОРИЧНАЯ ОТВЕТСТВЕННОСТЬ
Код отношения Печатник (типограф)
Начальный элемент ввода Академическая типография
Идентифицирующий признак Петербург
Системный номер авторитетной/нормативной записи 303965
Идентификатор авторитетной/нормативной записи RU\NLR\AUTH\8815379
712 02 - НАИМЕНОВАНИЕ ОРГАНИЗАЦИИ - ВТОРИЧНАЯ ОТВЕТСТВЕННОСТЬ
Код отношения Заказчик, капиталовкладчик
Начальный элемент ввода Академия наук
Структурное подразделение Собрание, старающееся о переводе иностранных книг
Идентифицирующий признак Петербург
Системный номер авторитетной/нормативной записи 287839
Идентификатор авторитетной/нормативной записи RU\NLR\AUTH\887824
790 #1 - ИМЯ ЛИЦА - АЛЬТЕРНАТИВНАЯ ФОРМА
Связь между полями z01702
Начальный элемент ввода Флоринский
Часть имени, кроме начального элемента ввода К.
Расширение инициалов личного имени Косма
801 #0 - ИСТОЧНИК ЗАПИСИ
Страна Российская Федерация
Организация NLR
Дата составления 19971023
852 ## - МЕСТОНАХОЖДЕНИЕ И ШИФР ХРАНЕНИЯ
Идентификатор организации NLR
Шифр хранения (Call Number) 18.1.7.21(1-2)
852 ## - МЕСТОНАХОЖДЕНИЕ И ШИФР ХРАНЕНИЯ
Идентификатор организации NLR
Шифр хранения (Call Number) 138/1655(1-2)
852 ## - МЕСТОНАХОЖДЕНИЕ И ШИФР ХРАНЕНИЯ
Идентификатор организации NLR
Наименование фонда или коллекции (Sub-Location Identifier) РЗФ
Шифр хранения (Call Number) 18 в. 3/1324 (ч.1)
852 ## - МЕСТОНАХОЖДЕНИЕ И ШИФР ХРАНЕНИЯ
Идентификатор организации NLR
Наименование фонда или коллекции (Sub-Location Identifier) РЗФ
Шифр хранения (Call Number) 18 в. 3/1324 (ч.1)а
Публикуемое примечание Деф. экз.
852 ## - МЕСТОНАХОЖДЕНИЕ И ШИФР ХРАНЕНИЯ
Идентификатор организации NLR
Шифр хранения (Call Number) Рэ Шк/М-156 О2(ч.1-2)
Публикуемое примечание ч.1 деф.
899 ## - ДАННЫЕ О МЕСТОНАХОЖДЕНИИ (устаревшее)
Местонахождение НБЛ КГУ
-- Ч.1-2. Ч.2 - 2 экз.
899 ## - ДАННЫЕ О МЕСТОНАХОЖДЕНИИ (устаревшее)
Местонахождение СамОУНБ
-- Ч.2
899 ## - ДАННЫЕ О МЕСТОНАХОЖДЕНИИ (устаревшее)
Местонахождение КостОУНБ
-- Ч.1
899 ## - ДАННЫЕ О МЕСТОНАХОЖДЕНИИ (устаревшее)
Местонахождение ВОУНБ
899 ## - ДАННЫЕ О МЕСТОНАХОЖДЕНИИ (устаревшее)
Местонахождение ЗНБ ВГУ
899 ## - ДАННЫЕ О МЕСТОНАХОЖДЕНИИ (устаревшее)
Местонахождение ГБГИ
899 ## - ДАННЫЕ О МЕСТОНАХОЖДЕНИИ (устаревшее)
Местонахождение РГБ
899 ## - ДАННЫЕ О МЕСТОНАХОЖДЕНИИ (устаревшее)
Местонахождение ГАКостО
-- Ч.2
899 ## - ДАННЫЕ О МЕСТОНАХОЖДЕНИИ (устаревшее)
Местонахождение БАН
899 ## - ДАННЫЕ О МЕСТОНАХОЖДЕНИИ (устаревшее)
Местонахождение ВМА
899 ## - ДАННЫЕ О МЕСТОНАХОЖДЕНИИ (устаревшее)
Местонахождение МГУ
899 ## - ДАННЫЕ О МЕСТОНАХОЖДЕНИИ (устаревшее)
Местонахождение ГПИБ
899 ## - ДАННЫЕ О МЕСТОНАХОЖДЕНИИ (устаревшее)
Местонахождение ЗНБ РГУ
-- Ч.1
899 ## - ДАННЫЕ О МЕСТОНАХОЖДЕНИИ (устаревшее)
Местонахождение НГОНБ
-- Ч.1 - 2 экз., ч.2 - 3 экз.
899 ## - ДАННЫЕ О МЕСТОНАХОЖДЕНИИ (устаревшее)
Местонахождение СПбГУ
-- Ч.1-2, ч.1 - 2 экз.
942 ## - ДОПОЛНИТЕЛЬНЫЕ ЭЛЕМЕНТЫ ЗАПИСИ (АБИС)
Тип экземпляра АБИС Книга
980 ## - КОЛЛЕКЦИЯ
Название коллекции Национальная библиография
980 ## - КОЛЛЕКЦИЯ
Название коллекции Русская книга гражданской печати XVIII в. в библиотеках РФ

Нет доступных экземпляров.